Statistics for Objects by Picture - O

Click here to take the quiz!

General Stats

  • This quiz has been taken 337 times
  • The average score is 11 of 15

Answer Stats

Answer% Correct
Owl
99%
Onion
98%
Octopus
96%
Orange
96%
Ostrich
93%
Oil
92%
Olive
92%
Origami
91%
Office
84%
Oboe
61%
Orion
53%
Obelisk
50%
Ocarina
33%
Overhang
25%
Oxeye
14%

Score Distribution

Percentile by Number Answered

Percent of People with Each Score

Your Score History

You have not taken this quiz